00249nam a2200109Ia 4500100002200000654001600022245003800038260002800076082001500104300000800119546001200127 aBalagurusamy/ E.  aProgramming aComputer Programming I Unix and C bTata Mc Graw hillc2002 a5.133bBAL a330 aENGLISH